Análisis del ramal ferroviario en el contexto nacional, provincial y regional (Registro nro. 25492)

Detalles MARC
000 -LEADER
fixed length control field 00405 a2200121 4500
001 - CONTROL NUMBER
control field ART_11349
005 - DATE AND TIME OF LATEST TRANSACTION
control field 20260410161856.0
008 - FIXED-LENGTH DATA ELEMENTS--GENERAL INFORMATION
fixed length control field 260409a
100 1# - MAIN ENTRY--PERSONAL NAME
Personal name Sonnet, Fernando H.
245 10 - TITLE STATEMENT
Title Análisis del ramal ferroviario en el contexto nacional, provincial y regional
700 1# - ADDED ENTRY--PERSONAL NAME
Personal name González Olguín, Eduardo L.
773 0# - HOST ITEM ENTRY
Title Revista de Economía
Related parts - Nº 48 (sep. 1986)
Record control number REV11077

No hay ítems disponibles.